LEADER 00972nam0-2200349---450- 001 990009911970403321 005 20151119112228.0 010 $a978-88-348-4873-9 035 $a000991197 035 $aFED01000991197 035 $a(Aleph)000991197FED01 035 $a000991197 100 $a20141031d2014----km-y0itay50------ba 101 0 $aita 105 $a--------001yy 200 1 $aManuale del processo tributario$fFrancesco Tesauro 205 $a2. ed. rist.agg. 210 $aTorino$cGiappichelli$d2014 215 $aXV, 312 p.$d25 cm 676 $a343.03 700 1$aTesauro,$bFrancesco$0132956 801 0$aIT$bUNINA$gRICA$2UNIMARC 901 $aBK 912 $a990009911970403321 952 $aGRDDT40A$b21969$fDECBC 952 $aGRDDT40B$b21970$fDECBC 952 $aGRDDT40C$b262$fDECBC 952 $aGRDDT40D$b263$fDECBC 952 $aGRDDT40E$b326$fDECBC 959 $aDECBC 996 $aManuale del processo tributario$9233692 997 $aUNINA